00887nam a22002417a 450000500170000001000130001702000220003003500130005203700160006504000120008108200150009310000320010824500700014026000400021027000430025030000320029350000510032565000260037665000240040294200240042699900190045095201760046920170124110005.0 aA-410317 c00.00a8170242991 aA-410317 bCen Lib/Ret aDPLbEN a363.1bKHA aKhan, Zakiya Tasneem916678 aEnvironmental crisis and urban planning /cby Zakiya Tasneem Khan aNew Delhi bAshish Publishing House bNew Delhi a8/81, Punjabi Baghe110026 axxii,253p. :c22cm(Hb)bill aIncludes bibliographical references and index  aSocial ecology916679 aCity planning98070 2ddccENh363.1mKHA c126134d126134 04104070aLbLd2015-06-24eCen Lib/Ret g0.00l1o363.1 KHApA-410317r2019-05-23 00:00:00s2019-05-07t1v0.00w2015-06-24yENzW/d List No. 6878/11 ; dtd 27/08/2022